Panic! at the disco albums - Statistics

General Stats
  • This quiz has been taken 1,179 times
    509 since last reset
  • The average score is 5 of 7
Answer Stats
Hint Answer % Correct
came out in 2008 Pretty. Odd.
94%
Coming out in 2016 Death of a bachelor
93%
came out in 2005 A fever you can't sweat out
91%
Came out in 2011 vices and virtues
88%
Came out in 2013 too weird to live too rare to die
77%
Also came out in 2008 Live in Chicago
40%
Came out in 2018 Prey for wicked
38%
No matching quizzes found
Score Distribution
Percent of People with Each Score
Percentile by Number Answered
Your Score History
You have not taken this quiz since the last reset